| 000 | 00369 a2200145 4500 | ||
|---|---|---|---|
| 005 | 20250627150319.0 | ||
| 020 | _a978-0-07-340282-6 | ||
| 082 | _a331 BOR | ||
| 100 | _aBORJAS,G. | ||
| 245 | _aLabor Economics | ||
| 250 | _a4th Ed. | ||
| 260 |
_aBoston, _bMcGraw-Hill, _c2008. |
||
| 300 |
_axvi,544p.:ill.;figures,tables _bBibliography, and Index _c25cm |
||
| 942 |
_2ddc _cBKS |
||
| 999 |
_c5705 _d5705 |
||